000 01146cam a22003374a 4500
001 16351136
003 USPCAS-E
005 20180118181411.0
008 100727s2011 flua b 001 0 eng
010 _a 2010029376
020 _a9781439805336 (alk. paper)
040 _aDLC
_cDLC
_dDLC
050 0 0 _aQC331
_b.S55 2011
082 0 0 _a621.4022
_222
_bTHE 2016
100 1 _aHowell, John R.
245 1 0 _aThermal radiation heat transfer.
250 _a6th ed. /
_bJohn R. Howell, Robert Siegel, M. Pinar Mengüç.
260 _aBoca Raton :
_bCRC Press,
_cc2016.
300 _axxx, 957 p. :
_bill. ;
_c26 cm.
500 _aSiegel's name appears first on the earlier edition.
502 _a0
504 _aIncludes bibliographical references and index.
650 0 _aHeat
_xRadiation and absorption.
650 0 _aHeat
_xTransmission.
650 0 _aMaterials
_xThermal properties.
700 1 _aSiegel, Robert,
_d1927-
700 1 _aMengüç, M. Pinar.
906 _a7
_bcbc
_corignew
_d1
_eecip
_f20
_gy-gencatlg
942 _2ddc
_cBK
999 _c355721
_d355721